00397nam a2200157Ia 4500008004100000020001400041041000800055082002000063100001900083245003800102250000600140260005000146300000800196365001200204700002300216140306s9999 xx 000 0 und d a032400456 aeng a658.562bEVA/MA aEvans, James R aManagement and control of quality a4 aOhiobSouth- Western College Publishingc1999 a785 bRs. 808 aLindsay, Wiiliam M